[Event "English Open Championship 2024"]
[Site "Holiday Inn, 212 Abbey End, Kenilworth CV8 1ED, United Kingdom"]
[Date "2024.06.21"]
[Round "4.21"]
[White "De Coverly, Roger D"]
[Black "Graham, David B"]
[Result "0-1"]
[TimeControl "G90 + 30secs/move"]
[WhiteFideId "405213"]
[BlackFideId "408131"]
[WhiteElo "1923"]
[BlackElo "2149"]

1. e4 {[%clk 01:30:57]} {[%emt 00:00:02]} e6 {[%clk 01:30:55]} {[%emt
00:00:06]} 2. d3 {[%clk 01:31:17]} {[%emt 00:00:09]} d5 {[%clk 01:31:07]}
{[%emt 00:00:17]} 3. Qe2 {[%clk 01:31:41]} {[%emt 00:00:06]} dxe4 {[%clk
01:30:30]} {[%emt 00:01:07]} 4. dxe4 {[%clk 01:32:04]} {[%emt 00:00:08]} e5
{[%clk 01:30:09]} {[%emt 00:00:52]} 5. Qb5+ {[%clk 01:28:04]} {[%emt 00:04:29]}
Nc6 {[%clk 01:28:52]} {[%emt 00:01:47]} 6. c3 {[%clk 01:25:50]} {[%emt
00:02:44]} Nf6 {[%clk 01:28:07]} {[%emt 00:01:16]} 7. Bg5 {[%clk 01:23:10]}
{[%emt 00:03:09]} h6 {[%clk 01:28:16]} {[%emt 00:00:22]} 8. Bxf6 {[%clk
01:21:55]} {[%emt 00:01:43]} Qxf6 {[%clk 01:28:42]} {[%emt 00:00:05]} 9. Nf3
{[%clk 01:19:35]} {[%emt 00:02:50]} a6 {[%clk 01:28:04]} {[%emt 00:01:09]} 10.
Qa4 {[%clk 01:18:09]} {[%emt 00:01:55]} Bc5 {[%clk 01:25:54]} {[%emt 00:02:40]}
11. Nbd2 {[%clk 01:15:40]} {[%emt 00:02:58]} O-O {[%clk 01:25:43]} {[%emt
00:00:42]} 12. Be2 {[%clk 01:14:04]} {[%emt 00:02:05]} Ne7 {[%clk 01:17:03]}
{[%emt 00:09:11]} 13. Qc4 {[%clk 01:04:37]} {[%emt 00:09:57]} Bb6 {[%clk
01:15:00]} {[%emt 00:02:33]} 14. Qd3 {[%clk 00:57:35]} {[%emt 00:07:31]} Ng6
{[%clk 01:14:29]} {[%emt 00:01:02]} 15. g3 {[%clk 00:56:24]} {[%emt 00:01:40]}
Bh3 {[%clk 01:11:32]} {[%emt 00:03:28]} 16. Bf1 {[%clk 00:53:37]} {[%emt
00:03:16]} Rad8 {[%clk 01:10:50]} {[%emt 00:01:12]} 17. Qe2 {[%clk 00:53:10]}
{[%emt 00:00:57]} Bg4 {[%clk 01:05:00]} {[%emt 00:06:21]} 18. Bg2 {[%clk
00:51:43]} {[%emt 00:01:57]} Rd7 {[%clk 00:55:14]} {[%emt 00:10:15]} 19. O-O-O
{[%clk 00:50:16]} {[%emt 00:01:57]} Rfd8 {[%clk 00:52:17]} {[%emt 00:03:27]} 20.
h3 {[%clk 00:45:17]} {[%emt 00:05:29]} Be6 {[%clk 00:50:22]} {[%emt 00:02:25]}
21. b3 {[%clk 00:43:03]} {[%emt 00:02:45]} Qe7 {[%clk 00:49:08]} {[%emt
00:01:44]} 22. Nb1 {[%clk 00:41:24]} {[%emt 00:02:08]} Rxd1+ {[%clk 00:45:35]}
{[%emt 00:04:04]} 23. Rxd1 {[%clk 00:41:48]} {[%emt 00:00:06]} Rxd1+ {[%clk
00:46:00]} {[%emt 00:00:05]} 24. Kxd1 {[%clk 00:41:55]} {[%emt 00:00:23]} Qd7+
{[%clk 00:44:44]} {[%emt 00:01:46]} 25. Nbd2 {[%clk 00:38:57]} {[%emt
00:03:28]} Bxh3 {[%clk 00:44:40]} {[%emt 00:00:34]} 26. Bxh3 {[%clk 00:33:12]}
{[%emt 00:06:15]} Qxh3 {[%clk 00:45:05]} {[%emt 00:00:04]} 27. Nf1 {[%clk
00:31:50]} {[%emt 00:01:52]} Qd7+ {[%clk 00:44:36]} {[%emt 00:01:00]} 28. Kc2
{[%clk 00:32:03]} {[%emt 00:00:17]} Qc6 {[%clk 00:42:37]} {[%emt 00:02:29]} 29.
N3d2 {[%clk 00:29:06]} {[%emt 00:03:27]} Qf6 {[%clk 00:29:11]} {[%emt
00:13:56]} 30. Ne3 {[%clk 00:28:50]} {[%emt 00:00:45]} Bxe3 {[%clk 00:29:35]}
{[%emt 00:00:06]} 31. Qxe3 {[%clk 00:29:11]} {[%emt 00:00:09]} b6 {[%clk
00:26:54]} {[%emt 00:03:12]} 32. Qe2 {[%clk 00:26:02]} {[%emt 00:03:38]} a5
{[%clk 00:25:35]} {[%emt 00:01:49]} 33. a4 {[%clk 00:25:45]} {[%emt 00:00:47]}
Nf8 {[%clk 00:23:52]} {[%emt 00:02:13]} 34. Nc4 {[%clk 00:25:09]} {[%emt
00:01:06]} Nd7 {[%clk 00:23:09]} {[%emt 00:01:13]} 35. Ne3 {[%clk 00:24:02]}
{[%emt 00:01:37]} Qe6 {[%clk 00:18:30]} {[%emt 00:05:09]} 36. Nd5 {[%clk
00:19:16]} {[%emt 00:05:15]} c6 {[%clk 00:17:01]} {[%emt 00:02:00]} 37. Ne3
{[%clk 00:19:40]} {[%emt 00:00:05]} Nc5 {[%clk 00:17:14]} {[%emt 00:00:18]} 38.
Nc4 {[%clk 00:19:40]} {[%emt 00:00:30]} Nxb3 {[%clk 00:14:32]} {[%emt
00:03:12]} 39. Kxb3 {[%clk 00:20:00]} {[%emt 00:00:10]} b5 {[%clk 00:14:57]}
{[%emt 00:00:05]} 40. Qd3 {[%clk 00:13:45]} {[%emt 00:06:46]} bxc4+ {[%clk
00:14:24]} {[%emt 00:01:03]} 41. Qxc4 {[%clk 00:14:07]} {[%emt 00:00:07]} Qxc4+
{[%clk 00:12:07]} {[%emt 00:02:47]} 42. Kxc4 {[%clk 00:14:32]} {[%emt
00:00:05]} h5 {[%clk 00:12:28]} {[%emt 00:00:10]} 43. Kd3 {[%clk 00:09:57]}
{[%emt 00:05:05]} Kh7 {[%clk 00:12:50]} {[%emt 00:00:08]} 44. Ke3 {[%clk
00:10:10]} {[%emt 00:00:16]} Kg6 {[%clk 00:13:06]} {[%emt 00:00:14]} 45. f4
{[%clk 00:08:57]} {[%emt 00:01:43]} exf4+ {[%clk 00:10:39]} {[%emt 00:02:57]}
46. gxf4 {[%clk 00:09:11]} {[%emt 00:00:16]} Kf6 {[%clk 00:09:55]} {[%emt
00:01:14]} 47. Kf3 {[%clk 00:09:15]} {[%emt 00:00:26]} g5 {[%clk 00:10:12]}
{[%emt 00:00:13]} 0-1

[Event "English Open Championship 2024"]
[Site "Holiday Inn, 212 Abbey End, Kenilworth CV8 1ED, United Kingdom"]
[Date "2024.06.21"]
[Round "4.22"]
[White "Quillaud, Maxime"]
[Black "Payne, Matthew J"]
[Result "0-1"]
[TimeControl "G90 + 30secs/move"]
[WhiteFideId "343272007"]
[BlackFideId "417084"]
[WhiteElo "1932"]
[BlackElo "2079"]

1. d4 {[%clk 01:30:59]} {[%emt 00:00:01]} Nf6 {[%clk 01:30:51]} {[%emt
00:00:09]} 2. c4 {[%clk 01:31:27]} {[%emt 00:00:02]} g6 {[%clk 01:31:12]}
{[%emt 00:00:09]} 3. Nc3 {[%clk 01:31:56]} {[%emt 00:00:02]} Bg7 {[%clk
01:31:32]} {[%emt 00:00:09]} 4. e4 {[%clk 01:32:24]} {[%emt 00:00:02]} d6
{[%clk 01:31:53]} {[%emt 00:00:10]} 5. f3 {[%clk 01:32:50]} {[%emt 00:00:03]}
O-O {[%clk 01:32:12]} {[%emt 00:00:11]} 6. Be3 {[%clk 01:33:17]} {[%emt
00:00:03]} c5 {[%clk 01:32:31]} {[%emt 00:00:11]} 7. Nge2 {[%clk 01:33:40]}
{[%emt 00:00:07]} Nc6 {[%clk 01:32:39]} {[%emt 00:00:21]} 8. Qd2 {[%clk
01:33:34]} {[%emt 00:00:36]} Qa5 {[%clk 01:31:39]} {[%emt 00:01:30]} 9. d5
{[%clk 01:31:17]} {[%emt 00:02:47]} Ne5 {[%clk 01:29:45]} {[%emt 00:02:24]} 10.
Nc1 {[%clk 01:31:12]} {[%emt 00:00:36]} a6 {[%clk 01:22:32]} {[%emt 00:07:44]}
11. Nb3 {[%clk 01:28:41]} {[%emt 00:03:00]} Qb4 {[%clk 01:20:09]} {[%emt
00:02:53]} 12. Nb1 {[%clk 01:23:47]} {[%emt 00:05:24]} Qxd2+ {[%clk 01:12:19]}
{[%emt 00:08:20]} 13. N3xd2 {[%clk 01:23:41]} {[%emt 00:00:36]} e6 {[%clk
01:09:47]} {[%emt 00:03:02]} 14. Nc3 {[%clk 01:17:23]} {[%emt 00:06:47]} exd5
{[%clk 01:09:51]} {[%emt 00:00:27]} 15. exd5 {[%clk 01:16:50]} {[%emt
00:01:04]} Re8 {[%clk 01:07:39]} {[%emt 00:02:41]} 16. Nde4 {[%clk 01:16:21]}
{[%emt 00:00:59]} Neg4 {[%clk 01:05:07]} {[%emt 00:03:02]} 17. Bc1 {[%clk
00:53:18]} {[%emt 00:23:32]} Nxe4 {[%clk 00:57:44]} {[%emt 00:07:52]} 18. Nxe4
{[%clk 00:53:09]} {[%emt 00:00:41]} Nf6 {[%clk 00:57:53]} {[%emt 00:00:22]} 19.
Bd3 {[%clk 00:51:39]} {[%emt 00:01:59]} Nxe4 {[%clk 00:57:51]} {[%emt
00:00:30]} 20. fxe4 {[%clk 00:51:59]} {[%emt 00:00:11]} f5 {[%clk 00:57:21]}
{[%emt 00:01:00]} 21. O-O {[%clk 00:50:11]} {[%emt 00:02:19]} Bd4+ {[%clk
00:51:39]} {[%emt 00:06:12]} 22. Kh1 {[%clk 00:50:32]} {[%emt 00:00:09]} fxe4
{[%clk 00:51:57]} {[%emt 00:00:11]} 23. Re1 {[%clk 00:47:21]} {[%emt 00:03:41]}
Bf5 {[%clk 00:48:11]} {[%emt 00:04:16]} 24. Bc2 {[%clk 00:47:05]} {[%emt
00:00:47]} b5 {[%clk 00:47:01]} {[%emt 00:01:40]} 25. cxb5 {[%clk 00:34:45]}
{[%emt 00:12:50]} axb5 {[%clk 00:47:22]} {[%emt 00:00:09]} 26. h3 {[%clk
00:26:39]} {[%emt 00:08:36]} h5 {[%clk 00:47:40]} {[%emt 00:00:12]} 27. a3
{[%clk 00:22:32]} {[%emt 00:04:37]} e3 {[%clk 00:42:02]} {[%emt 00:06:08]} 28.
Bxf5 {[%clk 00:22:31]} {[%emt 00:00:32]} gxf5 {[%clk 00:42:28]} {[%emt
00:00:03]} 29. g3 {[%clk 00:22:30]} {[%emt 00:00:31]} Re5 {[%clk 00:36:47]}
{[%emt 00:06:12]} 30. Rb1 {[%clk 00:22:32]} {[%emt 00:00:29]} Rae8 {[%clk
00:36:33]} {[%emt 00:00:44]} 31. Kg2 {[%clk 00:22:32]} {[%emt 00:00:28]} Rxd5
{[%clk 00:36:31]} {[%emt 00:00:32]} 32. Kf3 {[%clk 00:22:55]} {[%emt 00:00:07]}
Rde5 {[%clk 00:36:55]} {[%emt 00:00:07]} 33. b3 {[%clk 00:22:55]} {[%emt
00:00:30]} d5 {[%clk 00:36:43]} {[%emt 00:00:43]} 34. Bb2 {[%clk 00:22:52]}
{[%emt 00:00:33]} Bxb2 {[%clk 00:36:55]} {[%emt 00:00:18]} 35. Rxb2 {[%clk
00:23:21]} {[%emt 00:00:01]} d4 {[%clk 00:37:16]} {[%emt 00:00:10]} 36. Ke2
{[%clk 00:22:02]} {[%emt 00:01:48]} c4 {[%clk 00:37:03]} {[%emt 00:00:43]} 37.
bxc4 {[%clk 00:22:06]} {[%emt 00:00:26]} bxc4 {[%clk 00:37:32]} {[%emt
00:00:01]} 38. Rb4 {[%clk 00:21:38]} {[%emt 00:00:58]} d3+ {[%clk 00:37:44]}
{[%emt 00:00:18]} 39. Kd1 {[%clk 00:22:07]} c3 {[%clk 00:38:03]} {[%emt
00:00:10]} 40. Rd4 {[%clk 00:21:12]} {[%emt 00:01:26]} c2+ {[%clk 00:37:02]}
{[%emt 00:01:30]} 41. Kc1 {[%clk 00:21:38]} {[%emt 00:00:05]} d2+ {[%clk
00:37:29]} {[%emt 00:00:03]} 42. Rxd2 {[%clk 00:22:02]} {[%emt 00:00:04]} exd2+
{[%clk 00:37:57]} {[%emt 00:00:05]} 43. Kxd2 {[%clk 00:22:19]} {[%emt
00:00:12]} Rxe1 {[%clk 00:38:25]} {[%emt 00:00:01]} 44. Kxc2 {[%clk 00:22:47]}
{[%emt 00:00:04]} R8e3 {[%clk 00:38:44]} {[%emt 00:00:10]} 0-1

[Event "English Open Championship 2024"]
[Site "Holiday Inn, 212 Abbey End, Kenilworth CV8 1ED, United Kingdom"]
[Date "2024.06.21"]
[Round "4.23"]
[White "Bharat Kumar, Balahari"]
[Black "Williams, Ana"]
[Result "1-0"]
[TimeControl "G90 + 30secs/move"]
[WhiteFideId "496464"]
[BlackFideId "343419771"]
[WhiteElo "1994"]
[BlackElo "1988"]

1. d4 {[%clk 01:30:49]} {[%emt 00:00:10]} d5 {[%clk 01:30:55]} {[%emt
00:00:05]} 2. c4 {[%clk 01:30:28]} {[%emt 00:00:52]} e6 {[%clk 01:31:20]}
{[%emt 00:00:04]} 3. Nc3 {[%clk 01:30:52]} {[%emt 00:00:06]} Nf6 {[%clk
01:31:46]} {[%emt 00:00:04]} 4. Nf3 {[%clk 01:31:01]} {[%emt 00:00:21]} c5
{[%clk 01:32:12]} {[%emt 00:00:05]} 5. e3 {[%clk 01:31:18]} {[%emt 00:00:13]}
cxd4 {[%clk 01:32:31]} {[%emt 00:00:10]} 6. exd4 {[%clk 01:30:35]} {[%emt
00:01:14]} Be7 {[%clk 01:30:06]} {[%emt 00:02:54]} 7. Bd3 {[%clk 01:27:27]}
{[%emt 00:03:38]} dxc4 {[%clk 01:30:30]} {[%emt 00:00:06]} 8. Bxc4 {[%clk
01:27:34]} {[%emt 00:00:23]} O-O {[%clk 01:27:29]} {[%emt 00:03:31]} 9. O-O
{[%clk 01:26:25]} {[%emt 00:01:39]} Nbd7 {[%clk 01:27:31]} {[%emt 00:00:28]} 10.
Re1 {[%clk 01:16:34]} {[%emt 00:10:21]} Nb6 {[%clk 01:26:17]} {[%emt 00:01:44]}
11. Bb3 {[%clk 01:15:32]} {[%emt 00:01:33]} Nbd5 {[%clk 01:26:27]} {[%emt
00:00:20]} 12. Bg5 {[%clk 01:13:53]} {[%emt 00:02:08]} b6 {[%clk 01:13:17]}
{[%emt 00:13:40]} 13. Nxd5 {[%clk 01:09:07]} {[%emt 00:05:17]} exd5 {[%clk
01:13:36]} {[%emt 00:00:11]} 14. Ne5 {[%clk 01:01:35]} {[%emt 00:08:01]} Bb7
{[%clk 01:11:50]} {[%emt 00:02:16]} 15. Bc2 {[%clk 00:51:46]} {[%emt 00:10:20]}
Re8 {[%clk 00:55:30]} {[%emt 00:16:50]} 16. Bxf6 {[%clk 00:40:05]} {[%emt
00:12:11]} Bxf6 {[%clk 00:55:38]} {[%emt 00:00:22]} 17. Bxh7+ {[%clk 00:39:11]}
{[%emt 00:01:23]} Kxh7 {[%clk 00:55:21]} {[%emt 00:00:47]} 18. Qh5+ {[%clk
00:39:33]} {[%emt 00:00:08]} Kg8 {[%clk 00:55:47]} {[%emt 00:00:04]} 19. Qxf7+
{[%clk 00:39:48]} {[%emt 00:00:15]} Kh7 {[%clk 00:56:14]} {[%emt 00:00:04]} 20.
Qxb7 {[%clk 00:32:57]} {[%emt 00:07:21]} Bxe5 {[%clk 00:54:22]} {[%emt
00:02:22]} 21. dxe5 {[%emt 00:01:40]} 1-0

[Event "English Open Championship 2024"]
[Site "Holiday Inn, 212 Abbey End, Kenilworth CV8 1ED, United Kingdom"]
[Date "2024.06.21"]
[Round "4.24"]
[White "Vaidyanathan, Adithya"]
[Black "Watson, Jacob"]
[Result "0-1"]
[TimeControl "G90 + 30secs/move"]
[WhiteFideId "495450"]
[BlackFideId "445037"]
[WhiteElo "2002"]
[BlackElo "1883"]

1. Nf3 {[%clk 01:30:58]} {[%emt 00:00:01]} Nf6 {[%clk 01:30:37]} {[%emt
00:00:23]} 2. d4 {[%clk 01:31:23]} {[%emt 00:00:05]} d5 {[%clk 01:31:00]}
{[%emt 00:00:06]} 3. c4 {[%clk 01:31:48]} {[%emt 00:00:06]} dxc4 {[%clk
01:31:24]} {[%emt 00:00:05]} 4. Nc3 {[%clk 01:32:14]} {[%emt 00:00:05]} a6
{[%clk 01:30:59]} {[%emt 00:00:54]} 5. e4 {[%clk 01:32:03]} {[%emt 00:00:41]}
b5 {[%clk 01:31:01]} {[%emt 00:00:29]} 6. e5 {[%clk 01:32:17]} {[%emt
00:00:16]} Nd5 {[%clk 01:31:23]} {[%emt 00:00:07]} 7. a4 {[%clk 01:32:15]}
{[%emt 00:00:33]} e6 {[%clk 01:31:02]} {[%emt 00:00:50]} 8. axb5 {[%clk
01:32:22]} {[%emt 00:00:24]} Bb4 {[%clk 01:31:27]} {[%emt 00:00:05]} 9. Bd2
{[%clk 01:32:40]} {[%emt 00:00:12]} Nb6 {[%clk 01:31:31]} {[%emt 00:00:26]} 10.
bxa6 {[%clk 01:31:49]} {[%emt 00:01:21]} Rxa6 {[%clk 01:25:41]} {[%emt
00:06:20]} 11. Rxa6 {[%clk 01:31:25]} {[%emt 00:00:55]} Nxa6 {[%clk 01:25:11]}
{[%emt 00:01:00]} 12. Be2 {[%clk 01:11:00]} {[%emt 00:20:54]} Bb7 {[%clk
01:21:47]} {[%emt 00:03:54]} 13. Be3 {[%clk 01:09:53]} {[%emt 00:01:38]} c5
{[%clk 01:16:59]} {[%emt 00:05:17]} 14. O-O {[%clk 01:09:44]} {[%emt 00:00:39]}
O-O {[%clk 01:16:46]} {[%emt 00:00:43]} 15. Nb5 {[%clk 01:03:52]} {[%emt
00:06:22]} Bc6 {[%clk 01:13:47]} {[%emt 00:03:28]} 16. dxc5 {[%clk 00:57:10]}
{[%emt 00:07:14]} Bxc5 {[%clk 01:07:44]} {[%emt 00:06:32]} 17. Bxc5 {[%clk
00:56:28]} {[%emt 00:01:12]} Nxc5 {[%clk 01:08:09]} {[%emt 00:00:05]} 18. Nd6
{[%clk 00:54:59]} {[%emt 00:01:59]} Bxf3 {[%clk 01:06:58]} {[%emt 00:01:41]} 19.
Bxf3 {[%clk 00:55:28]} {[%emt 00:00:02]} Nd3 {[%clk 01:07:18]} {[%emt
00:00:09]} 20. Qe2 {[%clk 00:55:05]} {[%emt 00:00:52]} Qg5 {[%clk 01:03:08]}
{[%emt 00:04:39]} 21. Nxc4 {[%clk 00:52:00]} {[%emt 00:03:37]} Nxc4 {[%clk
01:02:39]} {[%emt 00:00:59]} 22. Qxd3 {[%clk 00:52:24]} {[%emt 00:00:07]} Nxe5
{[%clk 01:02:51]} {[%emt 00:00:18]} 23. Qc3 {[%clk 00:52:30]} {[%emt 00:00:18]}
Nxf3+ {[%clk 01:02:23]} {[%emt 00:01:03]} 24. Qxf3 {[%clk 00:52:01]} {[%emt
00:00:59]} Qb5 {[%clk 01:01:31]} {[%emt 00:01:22]} 25. Qc3 {[%clk 00:52:16]}
{[%emt 00:00:15]} Rb8 {[%clk 01:01:20]} {[%emt 00:00:41]} 26. Rc1 {[%clk
00:51:59]} {[%emt 00:00:47]} h6 {[%clk 01:01:38]} {[%emt 00:00:11]} 27. Rb1
{[%emt 00:03:32]} Qf5 {[%clk 01:00:33]} 28. Qe1 {[%clk 00:49:55]} {[%emt
00:01:07]} Rb3 {[%clk 00:57:24]} {[%emt 00:03:38]} 29. Qd1 {[%clk 00:49:48]}
{[%emt 00:00:37]} Qb5 {[%clk 00:56:20]} {[%emt 00:01:34]} 30. Qc2 {[%clk
00:49:57]} {[%emt 00:00:21]} Qb8 {[%clk 00:53:25]} {[%emt 00:03:26]} 31. h3
{[%clk 00:49:24]} {[%emt 00:01:03]} g6 {[%clk 00:52:11]} {[%emt 00:01:46]} 32.
Qd2 {[%clk 00:49:15]} {[%emt 00:00:34]} Kg7 {[%clk 00:51:26]} {[%emt 00:01:16]}
33. Qd4+ {[%clk 00:49:10]} {[%emt 00:00:37]} e5 {[%clk 00:51:42]} {[%emt
00:00:13]} 34. Qd2 {[%clk 00:49:23]} {[%emt 00:00:16]} Rb4 {[%clk 00:51:17]}
{[%emt 00:00:56]} 35. Qc2 {[%clk 00:48:31]} {[%emt 00:01:23]} Rb3 {[%clk
00:51:16]} {[%emt 00:00:30]} 36. Qe2 {[%clk 00:48:31]} {[%emt 00:00:31]} Rb4
{[%clk 00:50:24]} {[%emt 00:01:21]} 37. g3 {[%clk 00:48:30]} {[%emt 00:00:32]}
Rb3 {[%clk 00:50:34]} {[%emt 00:00:21]} 38. Qc2 {[%clk 00:48:31]} {[%emt
00:00:28]} Qb6 {[%clk 00:46:46]} {[%emt 00:04:15]} 39. Kg2 {[%clk 00:47:55]}
{[%emt 00:01:08]} Qb7+ {[%clk 00:46:53]} {[%emt 00:00:23]} 40. Kh2 {[%clk
00:48:19]} {[%emt 00:00:06]} Qb8 {[%clk 00:46:19]} {[%emt 00:01:04]} 41. h4
{[%clk 00:46:54]} {[%emt 00:01:56]} h5 {[%clk 00:45:00]} {[%emt 00:01:48]} 42.
Qe2 {[%clk 00:46:37]} {[%emt 00:00:47]} Rb4 {[%clk 00:44:58]} {[%emt 00:00:32]}
43. Qd2 {[%clk 00:46:10]} {[%emt 00:00:57]} Qb6 {[%clk 00:44:47]} {[%emt
00:00:40]} 44. Kg2 {[%clk 00:45:57]} {[%emt 00:00:44]} Rb3 {[%clk 00:42:31]}
{[%emt 00:02:47]} 45. Qe2 {[%clk 00:43:02]} {[%emt 00:03:25]} Qb8 {[%clk
00:41:58]} {[%emt 00:01:03]} 46. Qc2 {[%clk 00:42:41]} {[%emt 00:00:50]} Qb7+
{[%clk 00:41:51]} {[%emt 00:00:38]} 47. Kg1 {[%clk 00:41:20]} {[%emt 00:01:51]}
Qb6 {[%clk 00:41:34]} {[%emt 00:00:46]} 48. Kh2 {[%clk 00:40:21]} {[%emt
00:01:27]} Qb7 {[%clk 00:40:17]} {[%emt 00:01:47]} 49. Qd2 {[%clk 00:39:35]}
{[%emt 00:01:19]} Qb6 {[%clk 00:39:25]} {[%emt 00:01:19]} 50. Qe2 {[%clk
00:39:44]} {[%emt 00:00:24]} Qb8 {[%clk 00:39:48]} {[%emt 00:00:07]} 51. Kg2
{[%clk 00:38:36]} {[%emt 00:01:38]} Rb4 {[%clk 00:37:27]} {[%emt 00:02:51]} 52.
Qc2 {[%clk 00:33:05]} {[%emt 00:06:00]} Rb3 {[%clk 00:36:53]} {[%emt 00:01:04]}
53. Qd2 {[%clk 00:33:18]} {[%emt 00:00:17]} Qb7+ {[%clk 00:37:13]} {[%emt
00:00:11]} 54. Kh2 {[%clk 00:33:35]} {[%emt 00:00:09]} Qb6 {[%clk 00:37:09]}
{[%emt 00:00:35]} 55. Qe2 {[%clk 00:33:07]} {[%emt 00:00:59]} Qb8 {[%clk
00:36:30]} {[%emt 00:06:39]} 56. f3 {[%clk 00:33:41]} {[%emt 00:01:56]} Rb4
{[%clk 00:34:09]} {[%emt 00:02:50]} 57. Kh3 {[%clk 00:33:05]} {[%emt 00:01:04]}
Qc8+ {[%clk 00:32:34]} {[%emt 00:02:07]} 58. Kg2 {[%clk 00:33:34]} {[%emt
00:00:02]} Qb8 {[%clk 00:32:51]} {[%emt 00:00:13]} 59. Qc2 {[%clk 00:32:04]}
{[%emt 00:02:00]} Rb3 {[%clk 00:32:29]} {[%emt 00:00:52]} 60. Qd2 {[%clk
00:31:56]} {[%emt 00:00:10]} Qb6 {[%clk 00:29:46]} {[%emt 00:03:42]} 61. Qe2
{[%clk 00:31:35]} {[%emt 00:00:51]} Qd4 {[%clk 00:27:20]} {[%emt 00:02:53]} 62.
Qc2 {[%clk 00:31:01]} {[%emt 00:01:07]} Rd3 {[%clk 00:26:50]} {[%emt 00:00:59]}
63. Rf1 {[%clk 00:23:21]} {[%emt 00:08:10]} Rd2+ {[%clk 00:27:03]} {[%emt
00:00:17]} 64. Qxd2 {[%clk 00:23:48]} {[%emt 00:00:03]} Qxd2+ {[%clk 00:27:28]}
{[%emt 00:00:05]} 65. Rf2 {[%clk 00:24:09]} {[%emt 00:00:10]} Qb4 {[%clk
00:27:50]} {[%emt 00:00:08]} 66. Re2 {[%clk 00:24:32]} {[%emt 00:00:07]} f5
{[%clk 00:27:47]} {[%emt 00:00:33]} 67. Kf2 {[%clk 00:24:51]} {[%emt 00:00:11]}
Qd4+ {[%clk 00:28:01]} {[%emt 00:00:15]} 68. Kg2 {[%clk 00:25:15]} {[%emt
00:00:07]} e4 {[%clk 00:28:26]} {[%emt 00:00:05]} 69. fxe4 {[%clk 00:25:33]}
{[%emt 00:00:12]} fxe4 {[%clk 00:28:51]} {[%emt 00:00:04]} 70. Rf2 {[%clk
00:25:43]} {[%emt 00:00:20]} e3 {[%clk 00:29:14]} {[%emt 00:00:08]} 71. Re2
{[%clk 00:26:08]} {[%emt 00:00:05]} Qe4+ {[%clk 00:29:39]} {[%emt 00:00:05]} 72.
Kf1 {[%clk 00:26:33]} {[%emt 00:00:05]} Qf3+ {[%clk 00:30:05]} {[%emt
00:00:05]} 73. Ke1 {[%clk 00:26:58]} {[%emt 00:00:04]} Qh1# {[%clk 00:30:29]}
{[%emt 00:00:06]} 0-1